[Event "II Open"]
[Site "La Laguna ESP"]
[Date "2008.04.22"]
[Round "2"]
[White "Tissir,M"]
[Black "Alvarez Diaz,V"]
[Result "1-0"]
[WhiteElo "2440"]
[BlackElo "2027"]

1.e4 c5 2.Nc3 Nc6 3.Bb5 Qc7 4.Nge2 e6 5.O-O a6 6.Bxc6 bxc6 7.d3 Nf6 8.h3 d5
9.b3 Be7 10.Ng3 O-O 11.Na4 Nd7 12.Bd2 Nf6 13.c4 dxc4 14.dxc4 e5 15.Be3 Rd8
16.Qf3 Nd7 17.Nf5 Bf8 18.Rad1 Re8 19.Rd3 Ra7 20.Rfd1 a5 21.Nd6 Bxd6 22.Rxd6 f6
23.Bxc5 Nxc5 24.Nxc5 Qb6 25.Na4 Qc7 26.Qe3 Ra6 27.Qc5 Be6 28.Qe3 Bc8 29.Qd2 Ra8
30.Nc5 Qe7 31.Rxc6 a4 32.Rd6 axb3 33.Qd5+  1-0

[Event "IX EICC"]
[Site "Plovdiv BUL"]
[Date "2008.04.22"]
[Round "2"]
[White "Mastrovasilis,D"]
[Black "Saric,Iv"]
[Result "0-1"]
[WhiteElo "2580"]
[BlackElo "2500"]

1.e4 c5 2.Nf3 Nc6 3.Nc3 Nf6 4.Bb5 Qc7 5.O-O Nd4 6.Re1 a6 7.Bf1 Ng4 8.g3 Nxf3+
9.Qxf3 Ne5 10.Qe2 d6 11.Nd5 Qd8 12.Bg2 g6 13.c3 Bg7 14.d4 cxd4 15.cxd4 Nc6
16.e5 O-O 17.Bg5 dxe5 18.dxe5 h6 19.Be3 Be6 20.Rad1 Qa5 21.b4 Qb5 22.Nc7 Qxe2
23.Rxe2 Rad8 24.Rxd8 Rxd8 25.Nxe6 Rd1+ 26.Bf1 fxe6 27.Rd2 Ra1 28.Bc5 Bxe5
29.Kg2 b5 30.Rc2 Kf7 31.Bd3 g5 32.Be4 Nd4 33.Rd2 Nf5 34.Bb7 a5 35.bxa5 Bc3
36.Re2 Bxa5 37.Bc8 Ng7 38.Bd7 Rb1 39.Bd4 Rd1 40.Re4 e5  0-1

[Event "3rd Open"]
[Site "Angers FRA"]
[Date "2008.04.25"]
[Round "1"]
[White "Gauthier,L"]
[Black "Hadet,E"]
[Result "0-1"]
[WhiteElo "1858"]
[BlackElo "2010"]

1.e4 c5 2.Nf3 Nc6 3.Nc3 Nf6 4.Bc4 e6 5.Bb3 Nd4 6.d3 Nxb3 7.axb3 d6 8.O-O Be7
9.Ne2 O-O 10.Ng3 b5 11.Ne1 Bb7 12.f4 c4 13.bxc4 bxc4 14.e5 dxe5 15.fxe5 Ne4
16.Nxe4 Bxe4 17.d4 f6 18.Be3 Qc7 19.Qg4 Bf5 20.Qg3 a5 21.Bf4 Qb6 22.Qc3 Rfd8
23.Kh1 Qxd4 24.Qxd4 Rxd4 25.c3 Rd5 26.Nf3 a4 27.Rfd1 Rad8 28.Rxd5 Rxd5 29.exf6 gxf6
30.h3 e5 31.Be3 Bc2 32.Nd2 Bb3 33.Nxb3 axb3 34.Ra4 Rd1+ 35.Kh2 Rb1 36.Rxc4 Rxb2
37.Rc8+ Kf7 38.Rc7 Ke6 39.Rb7 Re2  0-1

[Event "IX EICC"]
[Site "Plovdiv BUL"]
[Date "2008.04.25"]
[Round "5"]
[White "Mudelsee,M"]
[Black "Nanu,C"]
[Result "0-1"]
[WhiteElo "2284"]
[BlackElo "2515"]

1.e4 c5 2.Nf3 Nc6 3.Nc3 g6 4.d4 cxd4 5.Nxd4 Bg7 6.Be3 Nf6 7.Be2 O-O 8.Nb3 d6
9.O-O Bd7 10.f3 Rc8 11.Qd2 a6 12.Na4 Ne5 13.Nb6 Rc6 14.Nxd7 Qxd7 15.Na5 Rcc8
16.c4 Nc6 17.Rfd1 Nxa5 18.Qxa5 Qc7 19.Qd2 Nd7 20.Rac1 a5 21.b3 Nc5 22.Qe1 Rfe8
23.h4 h5 24.Qg3 e5 25.Rd5 Ne6 26.Rcd1 Rcd8 27.Qf2 Nd4 28.Bd3 a4 29.b4 a3
30.f4 Nc6 31.Bb6 Qe7 32.Bxd8 Rxd8 33.Rb1 exf4 34.Qxf4 Bc3 35.c5 Bxb4 36.cxd6 Bxd6
37.Qg5 Qxg5 38.hxg5 Ne7 39.Rdb5 b6 40.Bc4 Bc5+ 41.Kh1 Rd4 42.Bb3 Rxe4 43.g3 Nf5
44.Bd5 Re5 45.Rxc5 bxc5 46.Rb8+ Kg7 47.Rd8 Nxg3+ 48.Kg2 Nf5  0-1

[Event "ch-NED U21"]
[Site "Venlo NED"]
[Date "2008.04.25"]
[Round "1"]
[White "Ter Schegget,B"]
[Black "Swinkels,R"]
[Result "0-1"]
[WhiteElo "2143"]
[BlackElo "2448"]

1.e4 c5 2.Nc3 Nc6 3.Nge2 d6 4.d4 cxd4 5.Nxd4 Nf6 6.Bg5 e6 7.Qd2 a6 8.O-O-O Bd7
9.f4 h6 10.Bxf6 Qxf6 11.Nf3 Qd8 12.Bd3 Qa5 13.Kb1 O-O-O 14.Rhe1 Kb8 15.Bc4 Be7
16.Bb3 Rhe8 17.Re3 Rc8 18.Ne2 Qxd2 19.Nxd2 Na5 20.Nf3 Rc7 21.e5 d5 22.Ned4 g5
23.fxg5 hxg5 24.h3 Nc6 25.c3 Rg8 26.Nh2 Nxd4 27.cxd4 Rgc8 28.Ree1 Bb4 29.Re2 Bb5
30.Rc2 Rxc2 31.Bxc2 Be2 32.Rg1 Bd2 33.Nf1 Bd3  0-1

[Event "XXI Open"]
[Site "Benidorm ESP"]
[Date "2008.04.27"]
[Round "3"]
[White "Dolezal,C"]
[Black "Chatalbashev,B"]
[Result "0-1"]
[WhiteElo "2436"]
[BlackElo "2605"]

1.e4 c5 2.Nf3 Nc6 3.Nc3 g6 4.d4 cxd4 5.Nxd4 Bg7 6.Be3 Nf6 7.Be2 O-O 8.O-O d5
9.exd5 Nb4 10.d6 Qxd6 11.Ndb5 Qb8 12.a4 Bf5 13.Nd4 Rd8 14.Qc1 Bg4 15.h3 e5
16.Nc6 bxc6 17.hxg4 Nbd5 18.Ra3 Nxe3 19.Rb3 Nxf1 20.Rxb8 Raxb8 21.Kxf1 Nd5
22.Ne4 Rb4 23.Nc5 Nf4 24.Bf3 Bf8 25.Ne4 Rxa4 26.g3 Ne6 27.Kg2 Be7 28.c3 Ra6
29.Be2 Rb6 30.Bc4 c5 31.Qa1 a6 32.Qa5 Rdb8 33.b3 h6 34.Qa1 Kg7 35.Qe1 Rd8
36.Qe3 Rd1 37.Qe2 Rd8 38.Qe3 Rc6 39.Qe2 f5 40.gxf5 gxf5 41.Nd2 Bf6 42.Nf1 f4
43.Qg4+ Kf7 44.Qh5+ Ke7 45.Qxh6 Ng5 46.Qg6 f3+ 47.Kg1 Rd1 48.Kh2 Rc8 49.Kg1 Rh8
50.Qf5 Nh3+ 51.Kh2 Nf4+ 52.Qh5  0-1

[Event "ch-NED U21"]
[Site "Venlo NED"]
[Date "2008.04.27"]
[Round "3"]
[White "Ter Schegget,B"]
[Black "Goudriaan,E"]
[Result "1-0"]
[WhiteElo "2143"]
[BlackElo "2117"]

1.e4 c5 2.Nc3 Nc6 3.Nf3 g6 4.Bb5 Bg7 5.Bxc6 bxc6 6.O-O d6 7.e5 Bg4 8.exd6 Qxd6
9.h3 Bf5 10.Re1 Nf6 11.d3 O-O 12.Qe2 Rfe8 13.Ne4 Nxe4 14.dxe4 Be6 15.e5 Qb8
16.Ng5 Bc8 17.Qc4 e6 18.Qh4 h6 19.Nf3 g5 20.Qe4 Ba6 21.h4 Qb4 22.hxg5 Qxe4
23.Rxe4 hxg5 24.Bxg5 Rab8 25.b3 c4 26.Rg4 Kf8 27.Re1 Rb5 28.Ree4 Ra5 29.Rh4 Rxa2
30.Bf6 cxb3 31.Reg4 bxc2 32.Rxg7 c1=Q+ 33.Kh2 Qa1 34.Rh8+  1-0

[Event "ch-UZB"]
[Site "Tashkent UZB"]
[Date "2008.04.28"]
[Round "5"]
[White "Dzhumaev,M"]
[Black "Khamrakulov,D"]
[Result "0-1"]
[WhiteElo "2557"]
[BlackElo "2548"]

1.e4 c5 2.Nf3 Nc6 3.Nc3 e5 4.Bc4 Be7 5.d3 Nf6 6.Nd2 a6 7.a4 Nb4 8.f4 d5 9.Nxd5 Nfxd5
10.exd5 exf4 11.O-O Nxd5 12.Ne4 Be6 13.Bxf4 O-O 14.Bd2 f5 15.Nc3 Nc7 16.Be3 f4
17.Bf2 Kh8 18.Qf3 Rb8 19.Rae1 Bd7 20.Re5 Bd6 21.Rh5 g6 22.Rxc5 Ne6 23.Rd5 Bc6
24.Re1 Ng7 25.Rxd6 Qxd6 26.Ne4 Qb4 27.c3 Qxb2 28.Qh3 Bxe4 29.dxe4 f3 30.gxf3 Qxc3
31.Be2 Nh5 32.Qh4 Nf4 33.Bf1 Rbd8 34.Re3 Qe5 35.Qh6 Rf6 36.Qh4 g5 37.Qg3 Rd1
38.Re1 Rxe1 39.Bxe1 h5 40.Qf2 g4 41.Qe3 Rc6 42.Bg3 Rf6 43.Be1 Qg5 44.Kh1 Nh3
45.Qd4 Kh7 46.Qd7+ Qg7 47.Qxg7+ Kxg7 48.Bc3 Ng5 49.fxg4 hxg4 50.Bg2 b5 51.axb5 axb5
52.Kg1 b4 53.Bxf6+ Kxf6 54.Kf2 b3 55.Bf1 Nxe4+ 56.Ke3 Ke5 57.Bd3 Nc3 58.Kd2 Kd4  0-1

[Event "26th Liechtenstein Open"]
[Site "Triesen LIE"]
[Date "2008.04.28"]
[Round "4"]
[White "Frick,R"]
[Black "Polzin,J"]
[Result "1/2-1/2"]
[WhiteElo "2153"]
[BlackElo "1975"]

1.e4 c5 2.Nf3 Nc6 3.Nc3 d6 4.d4 cxd4 5.Nxd4 e6 6.Be2 Nf6 7.O-O Be7 8.Be3 O-O
9.f4 a6 10.Bf3 Qc7 11.Qd2 Bd7 12.g4 Na5 13.Qg2 Nc4 14.Nd1 Nxe3 15.Nxe3 Qb6
16.c3 e5 17.g5 exd4 18.gxf6 Bxf6 19.Nd5 Qd8 20.c4 Bc6 21.Rad1 Bxd5 22.cxd5 Rc8
23.Rd3 Rc5 24.Kh1 Qc7 25.Bd1 b5  1/2-1/2

[Event "ch-NED U21"]
[Site "Venlo NED"]
[Date "2008.04.28"]
[Round "4"]
[White "Ten Hagen,Y"]
[Black "Op den Kelder,J"]
[Result "0-1"]
[WhiteElo "2124"]
[BlackElo "2245"]

1.e4 c5 2.Nc3 Nc6 3.Nge2 g6 4.Ng3 Bg7 5.Bc4 a6 6.a4 e6 7.O-O h5 8.d3 h4 9.Nge2 h3
10.g3 b6 11.Bf4 Bb7 12.Qd2 Nge7 13.Rae1 Nd4 14.f3 d5 15.Ba2 Qd7 16.Bg5 f6
17.Be3 Nxe2+ 18.Nxe2 Qxa4 19.Bb3 Qd7 20.c3 O-O-O 21.Qc2 g5 22.Rf2 Qc6 23.Ba2 b5
24.e5 Nf5 25.Bc1 d4 26.cxd4 Rxd4 27.Nxd4 Nxd4 28.Qd1 g4 29.Re4 Nxf3+ 30.Rxf3 f5
31.Rfe3 Bh6 32.Re1 fxe4 33.Qxg4 Bxc1 34.Qxe6+ Kc7 35.Qxc6+ Kxc6 36.Rxc1 exd3
37.Bb1 Rd8 38.e6 Rd4 39.Re1 Kc7 40.Kf2 Kd8 41.Re3 c4 42.e7+ Ke8 43.b3 Re4
44.bxc4 Rxe3 45.Kxe3 bxc4 46.Kd4 Kxe7 47.Kxc4 d2 48.Bc2 Bf3  0-1

[Event "Open"]
[Site "Halkidiki GRE"]
[Date "2008.04.30"]
[Round "2"]
[White "Shavtvaladze,N"]
[Black "Gocheva,R"]
[Result "1-0"]
[WhiteElo "2437"]
[BlackElo "2204"]

1.e4 c5 2.Nc3 Nc6 3.Bb5 Nd4 4.Bc4 e6 5.Nge2 Nf6 6.O-O a6 7.a4 b6 8.d3 Bb7
9.Nxd4 cxd4 10.Ne2 Qc7 11.Bb3 Bc5 12.Bg5 Ng4 13.Ng3 h5 14.h3 Ne3 15.fxe3 Qxg3
16.Bf4 Qg6 17.Qe2 dxe3 18.Bxe3 Qg5 19.d4  1-0

[Event "Victory Day A"]
[Site "Moscow RUS"]
[Date "2008.04.30"]
[Round "7"]
[White "Paveliev,A"]
[Black "Konovalov,N"]
[Result "1/2-1/2"]
[WhiteElo "2392"]
[BlackElo "2426"]

1.e4 c5 2.Nf3 Nc6 3.Nc3 Nf6 4.d4 cxd4 5.Nxd4 d6 6.Be2 Nxd4 7.Qxd4 g6 8.Bg5 Bg7
9.Qd2 O-O 10.O-O Be6 11.Bd3 Qb6 12.Be3 Qa5 13.Nd5 Qxd2 14.Nxe7+ Kh8 15.Bxd2 Rfe8
16.Nd5 Nxd5 17.exd5 Bxd5 18.c3 Be4 19.Bc4 d5 20.Bb5 Red8 21.Bg5 Rd6 22.f3 Bf5
23.g4 Be6 24.Bf4 Rdd8 25.Bg5  1/2-1/2

[Event "IX EICC"]
[Site "Plovdiv BUL"]
[Date "2008.05.01"]
[Round "10"]
[White "Grigoriants,S RUS"]
[Black "Llaneza Vega,M"]
[Result "1/2-1/2"]
[WhiteElo "2573"]
[BlackElo "2425"]

1.e4 c5 2.Nf3 Nc6 3.Nc3 Nf6 4.d4 cxd4 5.Nxd4 e5 6.Ndb5 d6 7.Bg5 a6 8.Na3 b5
9.Nd5 Be7 10.Bxf6 Bxf6 11.c4 b4 12.Nc2 a5 13.g3 O-O 14.Bg2 Rb8 15.Qf3 Be6
16.O-O  1/2-1/2

[Event "IX EICC"]
[Site "Plovdiv BUL"]
[Date "2008.05.01"]
[Round "10"]
[White "Lilov,Valeri"]
[Black "Nikolaidis,K"]
[Result "1-0"]
[WhiteElo "2385"]
[BlackElo "2299"]

1.e4 c5 2.Nf3 Nc6 3.Nc3 d6 4.d4 cxd4 5.Nxd4 Nf6 6.h3 Qb6 7.Nb3 e6 8.g4 a6
9.Bg2 Be7 10.O-O Ne5 11.Qe2 O-O 12.Kh1 Ng6 13.Be3 Qc7 14.Kg1 Nd7 15.a4 b6
16.f4 Re8 17.g5 Bb7 18.Qf2 Rac8 19.h4 Bf8 20.Rad1 Nc5 21.h5 Ne7 22.f5 Nc6
23.g6 Ne5 24.gxh7+ Kh8 25.Qh4 Nc4 26.Bc1 Nxb3 27.cxb3 Qc5+ 28.Qf2 Qxf2+ 29.Rxf2 Na5
30.fxe6 fxe6 31.Rf7 Ba8 32.Be3 Nxb3 33.Bxb6 Re7 34.Rdf1 Rxf7 35.Rxf7 Kxh7
36.Bf1 Kg8 37.Ra7 a5 38.Bh3 Re8 39.Nb5 Bxe4 40.Nc7 Rb8 41.Bxe6+ Kh7 42.Bd5 Bc2
43.Be3 Nc5 44.Bd4 Rb4 45.Bc3 Rg4+ 46.Kf1 Be7 47.Ne8 Bh4 48.Ke2 Ne4 49.Bxg7 Bxa4
50.Bd4+ Kh6 51.Be3+ Bg5 52.Bxg5+ Rxg5 53.Bxe4 Re5 54.Nxd6 Re6 55.Nf7+ Kxh5
56.Rxa5+ Kg4 57.Rxa4 Re7 58.Ke3  1-0

[Event "III Tch-ESP Selecciones Autonomicas"]
[Site "Melilla ESP"]
[Date "2008.05.02"]
[Round "4"]
[White "Teran Alvarez,I"]
[Black "Fluvia Poyatos,Joa"]
[Result "1/2-1/2"]
[WhiteElo "2432"]
[BlackElo "2459"]

1.e4 c5 2.Nc3 Nc6 3.Nf3 Nf6 4.Bb5 Qc7 5.O-O Nd4 6.Ba4 e6 7.d3 Ng4 8.g3 Nxf3+
9.Qxf3 Ne5 10.Qd1 a6 11.f4 Nc6 12.Be3 Na5 13.Qe2 b5 14.Bb3 Bb7 15.a3 Nxb3
16.cxb3 Be7 17.Rac1 O-O 18.b4 c4 19.dxc4 bxc4 20.b3 Rac8 21.Rfd1 a5 22.bxc4 axb4
23.axb4 Bxb4 24.Nb5 Qc6 25.Bf2 Rcd8 26.Rb1 Bc5 27.Bxc5 Qxc5+ 28.Kf1 Bc6 29.Nd6 Ra8
30.Qf2 Qxf2+ 31.Kxf2 Ra2+ 32.Ke3 Rxh2 33.Rd2 Rxd2 34.Kxd2 f6 35.Ke3 Ra8 36.Rb3 h5
37.Kd4 Kh7 38.e5 Ra1 39.Nc8 Rd1+ 40.Kc5 fxe5 41.fxe5 g5 42.Ne7 Bg2 43.Rb2 Rg1
44.Rf2 Kg7 45.Kd6 Rd1+ 46.Kc7 Be4 47.Rf6 Rd3 48.c5 Bh7 49.Kd8 h4 50.gxh4 gxh4
51.Rf4 h3 52.Rg4+ Kf7 53.Rh4 Bf5 54.Rh6 Kg7 55.Rh4 Kf7 56.Rh6 Be4 57.Rh4 Bg2
58.Rh7+ Kf8 59.Rh4 Kf7 60.Rh7+ Kf8 61.Rh4 Rd1 62.Ng6+ Kf7 63.Ne7 Kg7 64.Ke8 Rd2
65.Rg4+ Kh6 66.Ng8+ Kh5 67.Nf6+ Kh6 68.Kf7 Be4 69.Rxe4 Kg5 70.Rg4+ Kf5 71.Rh4 Kxe5
72.Ke7 h2 73.Nxd7+ Kd5 74.Rh5+ e5 75.Rh6 Rc2 76.Rd6+ Ke4 77.Rh6 Kf4 78.Kd6 Rd2+
79.Ke6 e4 80.c6 Rc2 81.Kd6 Rd2+ 82.Ke6 e3 83.Ne5 e2 84.Rxh2 e1=Q 85.Rxd2 Qxd2
86.c7 Qe3 87.Kd7 Qd4+ 88.Kc8 Kf5 89.Nc6 Qb2 90.Nd8 Ke5 91.Nb7 Kd5 92.Kb8 Qh2
93.Nd6 Qxd6 94.Ka8 Qd7 95.Kb8 Qb5+ 96.Ka8 Qe8+ 97.Kb7 Qe7 98.Ka8 Kc6 99.c8=Q+ Kb6
100.Qb8+ Ka6 101.Qd6+ Qxd6  1/2-1/2

[Event "III Tch-ESP Selecciones Autonomicas"]
[Site "Melilla ESP"]
[Date "2008.05.02"]
[Round "5"]
[White "Reinaldo Castineira,R"]
[Black "Fernandez Romero,Ern"]
[Result "1/2-1/2"]
[WhiteElo "2495"]
[BlackElo "2463"]

1.e4 c5 2.Nc3 Nc6 3.Nf3 d6 4.d4 cxd4 5.Nxd4 Nf6 6.Bg5 e6 7.Qd2 a6 8.O-O-O Bd7
9.f4 h6 10.Bxf6 Qxf6 11.Nf3 Qd8 12.h4 Qc7 13.g4 O-O-O  1/2-1/2

[Event "IX EICC"]
[Site "Plovdiv BUL"]
[Date "2008.05.02"]
[Round "11"]
[White "Georgiev,Vl"]
[Black "Vavrak,P"]
[Result "1-0"]
[WhiteElo "2572"]
[BlackElo "2466"]

1.e4 c5 2.Nc3 Nc6 3.Nge2 g6 4.d4 cxd4 5.Nxd4 Bg7 6.Nde2 Nf6 7.g3 O-O 8.Bg2 d6
9.O-O Bd7 10.Nd5 Rc8 11.c3 Ne5 12.Nd4 Nc6 13.Be3 Nxd5 14.exd5 Nxd4 15.Bxd4 Bxd4
16.Qxd4 Qb6 17.Qd2 Bf5 18.Rfe1 Rfe8 19.Re2 e5 20.dxe6 Rxe6 21.Rxe6 Bxe6 22.h4 h5
23.Re1 Rc5 24.Re4 Rd5 25.Qe2 Re5 26.b3 Qc5 27.Rxe5 dxe5 28.Bxb7 Qxc3 29.Kg2 a5
30.Be4 Qd4 31.Qd3 Qxd3 32.Bxd3 Kf8 33.Kf3 Ke7 34.Ke3 Kd6 35.Kd2 Kc5 36.Kc3 Bd7
37.Bc4 Be8 38.a3 f6 39.b4+ axb4+ 40.axb4+ Kd6 41.Bg8 g5 42.Kc4 gxh4 43.gxh4 Bd7
44.b5 Bg4 45.Kb4 f5 46.Bh7 e4 47.Bg6 Kd5 48.Ka5 f4 49.b6 e3 50.fxe3 fxe3
51.Bd3 Bc8 52.Be2 Bg4 53.b7 Bxe2 54.b8=Q Bg4 55.Qf4 e2 56.Qe3  1-0

[Event "IX EICC"]
[Site "Plovdiv BUL"]
[Date "2008.05.02"]
[Round "11"]
[White "Macak,S"]
[Black "Jankovic,A"]
[Result "1-0"]
[WhiteElo "2342"]
[BlackElo "2528"]

1.e4 c5 2.Nf3 Nc6 3.Nc3 d6 4.d4 cxd4 5.Nxd4 Nf6 6.Bc4 e6 7.Be3 a6 8.Bb3 Na5
9.f3 b5 10.Qd2 Nxb3 11.axb3 Bb7 12.O-O-O Be7 13.g4 Nd7 14.h4 h5 15.gxh5 Rxh5
16.Qg2 Nf8 17.Qxg7 Rxh4 18.Rxh4 Bxh4 19.e5 Be7 20.Bf4 Qb6 21.Kb1 Rd8 22.Rd3 dxe5
23.Bxe5 b4 24.Nce2 Ng6 25.Qg8+ Bf8 26.Bf6 Rd5 27.f4 Rh5 28.Nxe6 Rd5 29.Ng7+ Kd7
30.Qxf7+ Be7 31.Rxd5+ Bxd5 32.Qxd5+  1-0

[Event "ch-NED U21"]
[Site "Venlo NED"]
[Date "2008.05.02"]
[Round "8"]
[White "Ter Schegget,B"]
[Black "Bitalzadeh,A"]
[Result "0-1"]
[WhiteElo "2143"]
[BlackElo "2323"]

1.e4 c5 2.Nc3 Nc6 3.Nf3 d6 4.Bb5 Bd7 5.O-O e6 6.d4 cxd4 7.Nxd4 Nf6 8.Kh1 Be7
9.f4 O-O 10.Nf3 Qc7 11.Be3 a6 12.Bd3 Nb4 13.Bd4 Nxd3 14.Qxd3 Bc6 15.e5 dxe5
16.fxe5 Nd5 17.a4 Rad8 18.Nxd5 Bxd5 19.Qc3 Qxc3 20.Bxc3 b5 21.axb5 axb5 22.Ba5 Rc8
23.c3 Rc4 24.Bb6 Re4 25.Bd4 g5 26.Rf2 Rf4 27.Ra7 Re8 28.Kg1 Kg7 29.Nd2 Kg6
30.g3 Rxf2 31.Kxf2 g4 32.Nf1 h5 33.Ne3 Be4 34.Ng2 Bg5 35.Ra5 Rb8 36.Ne3 b4
37.cxb4 Rd8 38.Bc3 Rd3 39.Nf1 Rf3+ 40.Kg1 Bd3 41.Ra1 Bb5 42.Rd1 Bc4 43.Bd4 Kf5
44.Re1 Rd3 45.Be3 Rd5 46.Rc1 Ba6 47.Bxg5 Kxg5 48.Rc7 Kg6 49.Ne3 Rxe5 50.Ng2 Kf6
51.Nf4 h4 52.Kf2 h3 53.Rc6 Bb7 54.Rc7 Bf3 55.Rc5 Re4 56.Nh5+ Ke7  0-1

[Event "XXI Open"]
[Site "Benidorm ESP"]
[Date "2008.05.03"]
[Round "9"]
[White "Leon Hoyos,M"]
[Black "Maze,S"]
[Result "1-0"]
[WhiteElo "2490"]
[BlackElo "2565"]

1.e4 c5 2.Nf3 Nc6 3.Nc3 Nf6 4.d4 cxd4 5.Nxd4 d6 6.Bg5 Bd7 7.Qd2 Rc8 8.Nb3 a6
9.O-O-O h6 10.Bxf6 gxf6 11.f4 h5 12.Be2 Na5 13.Kb1 Bg7 14.Nd5 Nxb3 15.axb3 f5
16.exf5 Bxf5 17.Bd3 Bxd3 18.Qxd3 e6 19.Rhe1 O-O 20.Nc3 d5 21.f5 Rc6 22.Qh3 Qf6
23.Rf1 Qh6 24.Rd3 Rfc8 25.Rg3 h4 26.Rg4 Qf6 27.Rf3 exf5 28.Rxf5 Qe7 29.Rfg5 Rg6
30.Rxg6 fxg6 31.Rxg6 Rf8 32.Qd3 Rd8 33.Ka2 Qe5 34.Rg4 Qh5 35.Qd4 Qf7 36.Nxd5 Rd6
37.Qe5 Rh6 38.Ne7+  1-0

[Event "ch-NED U21"]
[Site "Venlo NED"]
[Date "2008.05.03"]
[Round "9"]
[White "Ter Schegget,B"]
[Black "Slagter,R"]
[Result "1-0"]
[WhiteElo "2143"]
[BlackElo "1905"]

1.e4 c5 2.Nc3 Nc6 3.Nf3 g6 4.Bb5 Nd4 5.Nxd4 cxd4 6.Ne2 Bg7 7.O-O e6 8.d3 Ne7
9.f4 f5 10.e5 a6 11.Bc4 b5 12.Bb3 Qb6 13.Qe1 Nc6 14.Qf2 Bf8 15.Kh1 Bb7 16.Bd2 h5
17.Ng1 h4 18.h3 Bc5 19.Nf3 O-O-O 20.Qe1 Kb8 21.Rc1 Rdg8 22.c3 Rh5 23.Bd1 Be7
24.cxd4 g5 25.fxg5 Qd8 26.d5 exd5 27.Bb3 Bxg5 28.Bxd5 Bxd2 29.Qxd2 Rg3 30.d4 Qa5
31.Qxa5 Nxa5 32.Bxb7 Kxb7 33.b3 Nc6 34.Rf2 Nb4 35.Rd2 Nd5 36.Kh2 f4 37.Rf1 Ne3
38.Rff2 Rh7 39.Ne1 Rf7 40.Kg1 f3 41.Rxf3 Rfxf3 42.Nxf3 Nxg2 43.Kf2 Nf4 44.Nxh4 Rxh3
45.Nf3 Kc6 46.Rc2+ Kd5 47.Rc7 d6 48.Rd7 Rh6 49.Ke3 Ng2+ 50.Kd3 Nf4+ 51.Kc2 Kc6
52.Ra7 Kb6 53.Rf7 Nd5 54.a3 dxe5 55.dxe5 Kc5 56.Kd3 Re6 57.b4+ Kc6 58.Nd4+  1-0

[Event "4NCL 2007-8"]
[Site "Wokefield Park ENG"]
[Date "2008.05.03"]
[Round "9"]
[White "Tissir,M"]
[Black "Eames,R"]
[Result "1-0"]
[WhiteElo "2428"]
[BlackElo "2294"]

1.e4 c5 2.Nf3 Nc6 3.Nc3 Nf6 4.d4 cxd4 5.Nxd4 e5 6.Nb3 Bb4 7.Bd3 d5 8.exd5 Nxd5
9.Bd2 Bxc3 10.bxc3 O-O 11.Qh5 e4 12.Be2 f5 13.O-O Qe7 14.Nd4 Ne5 15.c4 g6
16.Qh3 e3 17.cxd5 f4 18.Ne6 Bxe6 19.Qxe6+ Qxe6 20.dxe6 exd2 21.Bb5 Rf6 22.Rad1 Rxe6
23.Rxd2 Kg7 24.Rd4 g5 25.Re4 Rd8 26.Rfe1 Kf6 27.Ba4 Rd2 28.Bb3 Re7 29.a4 b6
30.h3 h5 31.h4 gxh4 32.Rxf4+ Kg5 33.Rfe4 Kf5 34.f4 h3 35.fxe5 Rg7 36.R4e2 Rxg2+
37.Rxg2 Rxg2+ 38.Kh1 Rg7 39.e6 Re7 40.Kh2  1-0

[Event "4NCL 2007-8"]
[Site "Wokefield Park ENG"]
[Date "2008.05.03"]
[Round "9"]
[White "Ledger,D"]
[Black "Buckley,G"]
[Result "0-1"]
[WhiteElo "2277"]
[BlackElo "2392"]

1.e4 c5 2.Nc3 Nc6 3.Bb5 Nd4 4.Bc4 e6 5.Nge2 Nf6 6.O-O a6 7.d3 b5 8.Bb3 Nxb3
9.axb3 b4 10.Nb1 d6 11.Bg5 Be7 12.Nd2 O-O 13.f4 Ng4 14.Bxe7 Qxe7 15.Rf3 f5
16.Qe1 Bb7 17.h3 Nf6 18.Ng3 Rae8 19.Re3 fxe4 20.dxe4 Qc7 21.Rd3 d5 22.e5 c4
23.Rd4 Nd7 24.bxc4 Nb6 25.b3 Rd8 26.c5 Qxc5 27.Qe3 Qxc2 28.Rxb4 d4 29.Qf2 Qc3
30.Raa4 Nxa4 31.Rxb7 Nc5 32.Rc7 Rc8 33.Ra7 Qe3 34.Nc4 Qxf2+ 35.Kxf2 Rxf4+
36.Ke2 Nxb3 37.Nd6 Rc2+ 38.Ke1 d3 39.Nh5 Rc1+  0-1

[Event "XXI Open"]
[Site "Benidorm ESP"]
[Date "2008.05.04"]
[Round "10"]
[White "Cabrera,Al"]
[Black "Mikhalevski,V"]
[Result "0-1"]
[WhiteElo "2491"]
[BlackElo "2597"]

1.e4 c5 2.Nf3 Nc6 3.Nc3 g6 4.d4 cxd4 5.Nxd4 Bg7 6.Nde2 d6 7.g3 h5 8.h3 f5
9.Nf4 Ne5 10.Bb5+ Kf7 11.Qe2 Nf6 12.Bd2 fxe4 13.O-O-O Bf5 14.Rhg1 e6 15.g4 hxg4
16.hxg4 Nexg4 17.f3 exf3 18.Qxf3 Qb6 19.Rde1 Rac8 20.Ba4 Rh2 21.Bb3 Rf2 22.Rxe6 Qxb3
23.Re7+ Kxe7 24.Ncd5+ Nxd5 25.Qxb3 Rxc2+ 26.Qxc2 Bxc2 27.Nxd5+ Ke6 28.Rxg4 Kxd5
29.Kxc2 Bh6  0-1

[Event "FSIM May"]
[Site "Budapest HUN"]
[Date "2008.05.05"]
[Round "3"]
[White "Gao Rui"]
[Black "Pasalic,Ha"]
[Result "1-0"]
[WhiteElo "2139"]
[BlackElo "2215"]

1.e4 c5 2.Nf3 Nc6 3.Nc3 g6 4.d4 cxd4 5.Nxd4 Bg7 6.Be3 Nf6 7.Bc4 O-O 8.Bb3 a5
9.O-O a4 10.Nxa4 Nxe4 11.Nb5 Ra6 12.Qe2 d6 13.c4 Nf6 14.Rfd1 Be6 15.Nc5 Ra8
16.Nxe6 fxe6 17.Bg5 Qd7 18.Re1 e5 19.Rad1 Na5 20.Bc2 Rac8 21.c5 Rxc5 22.b4 Qxb5
23.bxc5 Qxc5 24.Rc1 Qa3 25.Qb5 Kh8 26.Bd2 Nc6 27.Qxb7 Nd4 28.Bb3 Qb2 29.Qb4 Ng4
30.Qc3 Qa3 31.Be3 Nf5 32.Be6 Qxc3 33.Rxc3 Ngxe3 34.fxe3 Bh6 35.a4 Ra8 36.Bb3 Kg7
37.g4 Nh4 38.Rf1 Bg5 39.e4 Bf4 40.Ra1 Ra5 41.Bd1 Bd2 42.Rb3 d5 43.Rd3 Bb4
44.Rxd5 Ra7 45.a5 Bc3 46.Ra3 Bd4+ 47.Kf1 e6 48.Rd8 Rf7+ 49.Ke2 Rf2+ 50.Kd3 Rxh2
51.Kc4 Rd2 52.Bb3 Nf3 53.a6 Kh6 54.Rd7 Bf2 55.Rxd2 Nxd2+ 56.Kd3 Nxb3 57.Rxb3 Kg5
58.Ke2  1-0

[Event "3rd Cup"]
[Site "Berazategui ARG"]
[Date "2008.05.06"]
[Round "7"]
[White "Mahia,G"]
[Black "Iermito,S"]
[Result "0-1"]
[WhiteElo "2432"]
[BlackElo "2339"]

1.e4 c5 2.Nf3 Nc6 3.Nc3 e5 4.Bc4 Be7 5.d3 d6 6.Nd2 Bg5 7.h4 Bh6 8.g4 Bxd2+
9.Bxd2 Nd4 10.Nd5 b5 11.Bb3 Be6 12.c3 Nxb3 13.Qxb3 Rb8 14.a4 Bxd5 15.exd5 b4
16.cxb4 cxb4 17.h5 Qd7 18.f3 Ne7 19.O-O-O Qb7 20.h6 g6 21.d4 O-O 22.dxe5 Nxd5
23.exd6 Qc6+ 24.Qc2 Qd7 25.Kb1 Rfc8 26.Qd3 Nc3+ 27.Bxc3 bxc3 28.Rh2 Qxa4
29.d7 Rd8 30.Qd4 Qxd4 31.Rxd4 Rxb2+ 32.Rxb2 cxb2 33.Rb4 Kf8 34.Rb7 Ke7 35.Rxa7 Rxd7
36.Ra8 Rd4 37.Kxb2 Rf4 38.Ra3 Kf6 39.Kc2 Kg5 40.Kd2 f5 41.Ke3 fxg4 42.fxg4 Rxg4
43.Kf3 Rf4+ 44.Kg3 Rf7 45.Ra5+ Kxh6 46.Kg4 Rb7 47.Ra4 Kg7 48.Rc4 h5+ 49.Kg5 Rb5+
50.Kh4 Kh6 51.Rc3 g5+ 52.Kh3 h4 53.Rc8 Rb3+ 54.Kh2 Kh5 55.Rc4 Rb2+ 56.Kh1 h3
57.Ra4 g4 58.Ra3 Rb4 59.Ra8 Kh4 60.Ra1 g3 61.Rc1 Rf4 62.Rb1 h2  0-1

[Event "43rd Capablanca Memorial Open"]
[Site "Havana CUB"]
[Date "2008.05.08"]
[Round "1"]
[White "Martinez,Lel"]
[Black "Aguero,L"]
[Result "1/2-1/2"]
[WhiteElo "2499"]
[BlackElo "2344"]

1.e4 c5 2.Nf3 Nc6 3.Nc3 e5 4.Bc4 Be7 5.d3 d6 6.Ng5 Bxg5 7.Qh5 Be7 8.Qxf7+ Kd7
9.Be6+ Kc7 10.Nd5+ Kb8 11.Bxc8 Kxc8 12.Qxg7 Bf6 13.Qf7 Qd7 14.Qf8+ Qd8 15.Qf7 Qd7
16.Qf8+ Qd8  1/2-1/2

[Event "43rd Capablanca Memorial Open"]
[Site "Havana CUB"]
[Date "2008.05.08"]
[Round "1"]
[White "Alonso Moyano,J"]
[Black "Espinosa Garcia,S"]
[Result "1-0"]
[WhiteElo "2385"]
[BlackElo "2023"]

1.e4 c5 2.Nc3 Nc6 3.Bb5 g6 4.Bxc6 dxc6 5.d3 Bg7 6.Be3 b6 7.Qd2 Nf6 8.Bh6 O-O
9.Bxg7 Kxg7 10.f4 e5 11.fxe5 Ng4 12.Nf3 Re8 13.Qf4 Qc7 14.O-O Nxe5 15.Nxe5 Rxe5
16.Qf6+ Kg8 17.Rf4 Re8 18.Raf1 Be6 19.e5 Qd8 20.Ne4 c4 21.dxc4 Qd4+ 22.Kh1 Qxc4
23.Qh4 Qxa2 24.Qh6  1-0

[Event "Panamericano w"]
[Site "San Salvador ESA"]
[Date "2008.05.08"]
[Round "4"]
[White "Sanchez Castillo,S"]
[Black "Zepeda,S"]
[Result "1/2-1/2"]
[WhiteElo "2274"]
[BlackElo "2048"]

1.e4 c5 2.Nf3 Nc6 3.Nc3 d6 4.Bc4 e6 5.d4 cxd4 6.Nxd4 Nf6 7.Bb3 Be7 8.O-O O-O
9.Kh1 a6 10.f4 Bd7 11.Nf3 Na5 12.e5 Ne8 13.Ne4 Bc6 14.Qe1 Nxb3 15.axb3 Rc8
16.c3 dxe5 17.Nxe5 Nf6 18.Nxc6 Rxc6 19.Nxf6+ Bxf6 20.Be3 Qd5 21.b4 Qb3 22.Qf2 Rd8
23.Bc5 g6 24.h3 Rd7 25.Rae1 Rc8 26.Bb6 Rc6  1/2-1/2

[Event "43rd Capablanca Memorial Open"]
[Site "Havana CUB"]
[Date "2008.05.09"]
[Round "2"]
[White "Ibarra Chami,L"]
[Black "Ordunez,E"]
[Result "1/2-1/2"]
[WhiteElo "2369"]
[BlackElo "2224"]

1.e4 c5 2.Nc3 Nc6 3.Bb5 g6 4.Bxc6 dxc6 5.f4 Bg7 6.Nf3 Nf6 7.O-O O-O 8.d3 b6
9.Qe1 Nd7 10.Qg3 Qc7 11.Qh4 f6 12.Be3 e5 13.Rf2 exf4 14.Bxf4 Ne5 15.Raf1 Nxf3+
16.Rxf3 Qd8 17.Bh6 Be6 18.Bxg7 Kxg7 19.Qg3 Qd4+ 20.Kh1 Qe5 21.Qf2 Rad8 22.h3 c4
23.Rd1 c5 24.Qe2 cxd3 25.Rfxd3 Rxd3 26.Qxd3 Rf7 27.Qd6 Rd7 28.Qxe5 Rxd1+
29.Nxd1 fxe5 30.b3 Kf6 31.Kg1 c4 32.Kf2 cxb3 33.cxb3 Ke7 34.Nb2 Kd6 35.Ke3 a5
36.Kd3 b5 37.Kc3 g5 38.a3 h5 39.Nd3 h4 40.Nf2 Kc6 41.b4 a4 42.Kd2 Kd6 43.Ke2 Ke7
44.Ke3 Bd7 45.Kf3 Kf6 46.Nd3 Be6 47.Nf2 Bd7 48.Nd1 Be6 49.Ne3 Bd7 50.Nd1 Be6
51.Nf2 Bd7 52.g3 hxg3 53.Kxg3 Be6 54.h4 gxh4+ 55.Kxh4 Bd7 56.Nd1 Bc6 57.Nc3 Kg6
58.Kg4 Bd7+ 59.Kg3 Bc6  1/2-1/2

[Event "Kaupthing Open"]
[Site "Differdange LUX"]
[Date "2008.05.10"]
[Round "1"]
[White "Thorhallsson,T"]
[Black "Vogel,H"]
[Result "1-0"]
[WhiteElo "2437"]
[BlackElo "2134"]

1.e4 c5 2.Nf3 Nc6 3.Nc3 d6 4.d4 cxd4 5.Nxd4 e5 6.Nf3 Be6 7.Ng5 Nf6 8.Nxe6 fxe6
9.g3 d5 10.exd5 exd5 11.Bg2 e4 12.O-O Qd7 13.Bg5 Rd8 14.Bxf6 gxf6 15.Re1 Bg7
16.f3 f5 17.fxe4 dxe4 18.Qh5+ Qf7 19.Nxe4 fxe4 20.Rxe4+ Ne7 21.Rxe7+ Kxe7
22.Qc5+ Kf6 23.Rf1+ Kg6 24.Be4+ Kh6 25.Qe3+ Kh5 26.Qe2+  1-0